Scritti politici / (Record no. 48551)

MARC details
000 -LEADER
campo de control de longitud fija 00707nam a22002295i 4500
001 - NÚMERO DE CONTROL
campo de control 48551
003 - IDENTIFICADOR DE NÚMERO DE CONTROL
campo de control ES-MaACL
005 - FECHA Y HORA DE LA ÚLTIMA TRANSACCIÓN
campo de control 20230906161754.0
007 - CAMPO FIJO DE DESCRIPCIÓN FÍSICA--INFORMACIÓN GENERAL
campo de control de longitud fija t|
008 - DATOS DE LONGITUD FIJA--INFORMACIÓN GENERAL
campo de control de longitud fija 950724s1900 it ||||1| ita d
040 ## - FUENTE DE CATALOGACIÓN
Centro catalogador/agencia de origen CAM
Lengua de catalogación spa
Centro/agencia transcriptor CAM
100 1# - ENTRADA PRINCIPAL--NOMBRE DE PERSONA
Nombre de persona De Sanctis, Francesco.
9 (RLIN) 43078
245 10 - MENCIÓN DEL TÍTULO
Título Scritti politici /
Mención de responsabilidad, etc. di Francesco de Sanctis; raccolti da Giuseppe Ferrarelli.
250 ## - MENCION DE EDICION
Mención de edición 3º ed.
260 ## - PUBLICACIÓN, DISTRIBUCIÓN, ETC.
Lugar de publicación, distribución, etc. Napoli :
Nombre del editor, distribuidor, etc. Antonio Morano e Figlio,
Fecha de publicación, distribución, etc. 1900.
300 ## - DESCRIPCIÓN FÍSICA
Extensión IX, 268 p. ;
Dimensiones 19 cm.
490 1# - MENCIÓN DE SERIE
Mención de serie Opere di Francesco De Sanctis ;
Designación de volumen o secuencia 10
700 1# - ENTRADA AGREGADA--NOMBRE PERSONAL
Nombre de persona Ferrarelli, Giuseppe.
9 (RLIN) 50300
830 0# - PUNTO DE ACCESO ADICIONAL DE SERIE-TÍTULO UNIFORME
Título uniforme Opere di Francesco De Sanctis ;
Designación de volumen o secuencia 10
9 (RLIN) 182243
852 ## - LOCALIZACIÓN
Ubicación ES-MaACL
Número de control de estantería D-1225
Holdings
Estatus retirado Estado de pérdida Estado de daño No para préstamo Colección Biblioteca de origen Biblioteca actual Ubicación en estantería Fecha de adquisición Fuente de adquisición Total de préstamos Signatura topográfica completa Código de barras Visto por última vez Precio de reemplazo Tipo de ítem Koha
        Libros del s. XIX Biblioteca del Ateneo de Madrid Biblioteca del Ateneo de Madrid Sala Valle Inclán 17/01/2008     D-1225 901051095 23/02/2023 23/02/2023 Libro impreso antiguo